Katalóg MTDP leto/summer program 2007.

Uložené v:
Podrobná bibliografia
Médium: Kniha
Jazyk:Slovak
Vydané: Bratislava : INEX Slovakia, [2007].
Vydanie:[1. vyd.]
Témy:
ISBN: 9788096943241 (brož.)
Fyzický popis: 84 s. ; 21 cm.
Tagy: Pridať tag
Žiadne tagy, Buďte prvý kto otaguje tento záznam!

MARC

LEADER 00000nam a2200000 a 4500
001 000296177
005 20070904095342.0
008 070525s2007 xo c f 000 0 slo d
020 |a 9788096943241 (brož.) 
041 0 |a slo 
044 |a xo  |c SK 
072 7 |a 364-1/-7  |x Druhy sociálnej pomoci a služieb  |2 konspekt 
080 |a 364-78-027.556  |2 2001 
080 |a 364-43-027.556  |2 2001 
080 |a 316.346.32-053.6  |2 2001 
080 |a (083.81)  |2 2001 
245 0 0 |a Katalóg MTDP leto/summer program 2007. 
250 |a [1. vyd.] 
260 |a Bratislava :  |b INEX Slovakia,  |c [2007]. 
300 |a 84 s. ;  |c 21 cm. 
500 |a Obalový názov 
500 |a Poznámky 
610 2 7 |a Inex Slovakia (Bratislava, Slovensko)  |2 SVKKKA 
650 0 7 |a dobrovoľníctvo  |2 SVKKKPH 
650 0 7 |a dobrovoľníci  |2 SVKKKPH 
650 0 7 |a mládež  |2 SVKKKPH 
650 0 7 |a medzinárodné tábory dobrovoľnej práce  |2 SVKKKPH 
655 7 |a katalógy  |2 SVKKKPH 
910 |a svkkk 
919 |a 978-80-969432-4-1 
998 |a BK 
090 |g SCKHL  |k Sklad Hlavná 10 prízemie  |a III.206886  |j 990168  |i 2720082230  |s Absenčne